000 01707cam a2200421 a 4500
999 _c41407
_d41407
001 11791367
003 OSt
005 20220103151831.0
008 990916s2000 caua b 001 0 eng d
010 _a 99067362
015 _aGBA0-W6631
016 7 _a100963761
_2DNLM
020 _a0122272153 (set : acidfree paper)
020 _a0122272161 (v. 1 : acidfree paper)
020 _a012227217X (v. 2 : acidfree paper)
020 _a0122272153 (v. 3 : acidfree paper)
035 _a(OCoLC)ocm45193584
040 _aOUN
_cOUN
_dOCL
_dNLM
_dDLC
042 _alccopycat
050 0 0 _aHV8073
_b.E517 2000
082 0 0 _a363.2503
_221
_bSIE/E
245 0 0 _aEncyclopedia of forensic sciences /
_ceditor-in- chief, Jay A. Siegel ; editors, Pekka J. Saukko, Geoffrey C. Knupfer.
260 _aSan Diego :
_bAcademic Press,
_cc2000.
300 _a3 v. (xxxviii, 1440, A[i]-lxv, I[i]-lviii p.) :
_bill. (some col.) ;
_c28 cm.
504 _aIncludes bibliographical references and index.
650 0 _aForensic sciences
_vEncyclopedias.
650 0 _aCrime laboratories
_vEncyclopedias.
650 0 _aCriminals
_xIdentification
_vEncyclopedias.
700 1 _aSiegel, Jay A.
_98945
700 1 _aSaukko, Pekka J.
_98970
700 1 _aKnupfer, Geoffrey C.
_98971
856 4 1 _3Table of contents
_uhttp://www.loc.gov/catdir/toc/els033/99067362.html
856 4 2 _3Publisher description
_uhttp://www.loc.gov/catdir/description/els033/99067362.html
906 _a7
_bcbc
_ccopycat
_d2
_encip
_f20
_gy-gencatlg
942 _2ddc
_cBK
_h363.2503
_iSIE/E
_k363.2503
_mSIE/E